000 02034nam0a22003371 4500
001 GAK\2148566
005 20260408071341.0
010 _bВ пер.
_dбеспл.
_94000
021 _aRU
_b87-53977
035 _a(NLR Aleph) 008739358
090 _a9523672
_c9523672
100 _a20120621d1987 |||y0rusy50 ca
101 0 _arus
102 _aRU
105 _ay n |||||
200 1 _aСборник организационно-распорядительных документов по безопасности мореплавания судов Минречфлота РСФСР
_e(ДБМ П-86)
_fРСФСР. М-во реч. флота. Гл. инспекция по безопасности судоходства
210 _aЛенинград
_cТранспорт, Ленинградское отделение
_d1987
215 _a545, [1] с.
_d22
300 _aЗагл. вып. по состоянию на 1 ноября 1979 г.: Перечень действующих нормативных, методических и других руководящих документов МРФ РСФСР, используемых при проектировании объектов речного транспорта
517 1 _aДБМ П-86
606 1 _aРечные суда
_jЗаконы, постановления и т.п.
_xБезопасность плавания
_91588368
_3RU\NLR\AUTH\66996674
606 1 _aМорское судовождение
_xБезопасность
_jЗаконы, постановления и т.п.
686 _aО424.3-082.03я82
_2rubbk
710 0 1 _aРСФСР
_bМинистерство речного флота
_3RU\NLR\AUTH\8810049421
_9598968
711 0 1 _aРСФСР
_bГлавная инспекция по безопасности судоходства
_3RU\NLR\AUTH\8810128912
_9754742
801 0 _aRU
_bNLR
_c20120621
_gpsbo
801 1 _aRU
_bNLR
_c20120621
_2rusmarc
801 2 _aRU
_bNLR
_c20120621
_2rusmarc
852 _aNLR
_j87-5/3745
942 _cBOOK
980 _aNB